| 000 | 01029nam a22003011i 4500 | ||
|---|---|---|---|
| 001 | bslw10117451 | ||
| 005 | 20240305165703.0 | ||
| 006 | m o d | ||
| 007 | cr un ---uuuua | ||
| 008 | 240111s2023 sp abd ob 000 0 spa d | ||
| 020 | _a9788411702492 | ||
| 035 | _a41927 | ||
| 040 |
_aUtOrBLW _beng _erda _cUtOrBLW |
||
| 050 | 4 |
_aHV6625 _b.S57 2023 |
|
| 082 | 0 | 4 |
_a362.88 _223 |
| 245 | 0 | 3 |
_aEl sistema de justicia ante la victimización sexual / _ccoordinadora Helena Soleto. |
| 264 | 1 |
_aMadrid : _bDykinson, S.L., _c[2023?] |
|
| 300 |
_a1 online resource (1564 pages) : _billustrations (chiefly color), charts, maps |
||
| 336 |
_atext _btxt _2rdacontent |
||
| 337 |
_acomputer _bc _2rdamedia |
||
| 338 |
_aonline resource _bcr _2rdacarrier |
||
| 504 | _aIncludes bibliographical references. | ||
| 650 | 0 |
_aSexual abuse victims _xLegal status, laws, etc. |
|
| 650 | 0 |
_aSexual abuse victims _xServices for. |
|
| 700 | 1 |
_aSoleto, Helena, _eeditor. |
|
| 856 | 4 | 0 | _uhttps://app.vlex.com/#/sources/41927 |
| 942 | _cRAA | ||
| 999 |
_c173545 _d173545 |
||